| 000 | 00396nam a2200097Ia 4500 | ||
|---|---|---|---|
| 008 | 220216s9999 xx 000 0 und d | ||
| 100 | _aHepburn C | ||
| 245 | 4 | _aThe life expectancy of rubber seals in high voltage circuit breakers | |
| 260 | _bInternational Rubber Conference 1997. Rubber Science and Technology: Improving Quality of Life, Kuala Lumpur, Malaysia 6-9 Oct 1997; p788-792 | ||
| 942 | _cJS | ||
| 999 |
_c70822 _d70822 |
||